000 00479nam a2200169Ia 4500
003 GCL
008 140319s9999 xx 000 0 eng d
040 _aGCL /
_cGCL
082 0 4 _a372.1332
_bJ L
100 1 _aJACKSON, TONY
245 1 0 _aLEARNING THROUGH THEATRE:NEW PERSPECTIVES ON THEATRE IN EDUCATION /
_cJACKSON, TONY
260 _a[S.N] :
_bROUTLEDGE ،
_c1993
300 _a295 P
650 0 4 _aDRAMA IN EDUCATION
650 0 4 _aDRAMA IN EDUCATION -U K
942 _2ddc
_cBK
999 _c25328
_d25328